000 00477nam a22001577a 4500
005 20251108173215.0
008 250721s2004 xx 000 0 ara d
082 1 4 _a339/ملو
100 1 _aملوخية، أحمد فوزي
245 1 0 _aالإقتصاد الكلي /
264 1 _aالإسكندرية :
_bمكتبة بستان المعرفة للطبع و التوزيع،
_c2004.
300 _a466ص
650 1 7 _aالإقتصاد
942 _2ddc
_cBK
999 _c98553
_d98553